000 00842nam a2200229 i 4500
001 179002
003 ES-MaACL
005 20250806034356.0
008 110819s1914 fr |||| | fre d
245 0 0 _aMorale religieuse et morale laïque
_b: leçons faites à l'Ecole des Hautes Études Sociales /
_cpar ... R. Allier, G. Belot, [et al].
260 _aParis :
_bFélix Alcan,
_c1914.
300 _a271 p. ;
_c22 cm.
490 1 _aBibliothèque générale des sciences sociales ;
_v50
650 0 7 _aÉtica religiosa
_2embne
_912590
650 0 7 _aReligión y moral
_2embne
_916812
650 4 _aSecularismo.
_9144679
700 0 _aAllier, Raoul.
_920038
700 0 _aBelot, Gustave.
_927319
830 0 0 _aBibliothèque générale des sciences sociales
_v50
_9187778
852 _aES-MaACL
_jC-23129
999 _c179002
_d179002